[Event "LSS SA-2020-0-00743"]
[Site "LSS email"]
[Date "2020.12.14"]
[Round "?"]
[White "Nowak, Ireneusz"]
[Black "Boettcher, Fred"]
[Result "1/2-1/2"]
[WhiteElo "2112"]
[BlackElo "2087"]
[PlyCount "110"]
[EventDate "2020.10.28"]
[EventType "tourn (corr)"]
[EventRounds "6"]
[EventCountry "GER"]
[SourceTitle "Corr 2024"]
[Source "ChessBase"]
[SourceDate "2023.10.19"]
[SourceVersion "1"]
[SourceVersionDate "2023.10.19"]
[SourceQuality "1"]

1. c4 Nf6 2. Nf3 g6 3. g3 Bg7 4. Bg2 0-0 5. d4 d6 6. 0-0 Nbd7 7. Nc3 e5 8. e4 c6 9. h3 Qb6 10. Re1 exd4 11. Nxd4 Re8 12. Re2 Qb4 13. Rc2 Nc5 14. Bd2 Qb6 15. Be3 Qc7 16. f3 a5 17. Bf2 b6 18. Qd2 Ba6 19. Bf1 Bb7 20. Qf4 Nh5 21. Qd2 d5 22. cxd5 Nxg3 23. Nxc6 Nxf1 24. Rxf1 Bxc6 25. dxc6 Qxc6 26. Nd5 Qe6 27. Nc7 Qxh3 28. Nxe8 Rxe8 29. Be3 a4 30. Qh2 Qe6 31. Qe2 Qh3 32. Qg2 Qe6 33. Qe2 Qh3 34. Qf2 Bh6 35. Bxh6 Qxh6 36. Qd4 Qf4 37. Rg2 h5 38. Qd2 Qc7 39. Rd1 Ne6 40. Qd7 Rd8 41. Qxa4 Rxd1+ 42. Qxd1 Qf4 43. Qd3 b5 44. a3 Qh4 45. Qe3 Nf4 46. Rh2 Qg3+ 47. Kh1 Nh3 48. b3 Ng5 49. Qf2 Qf4 50. Kg2 Ne6 51. a4 bxa4 52. bxa4 Qg5+ 53. Kf1 Qc1+ 54. Qe1 Qc4+ 55. Kg1 Qxa4 1/2-1/2

[Event "LSS SA-2020-0-00743"]
[Site "LSS email"]
[Date "2020.12.13"]
[Round "?"]
[White "Boettcher, Fred"]
[Black "Nucci, Luciano"]
[Result "1/2-1/2"]
[WhiteElo "2087"]
[BlackElo "2027"]
[PlyCount "54"]
[EventDate "2020.10.28"]
[EventType "tourn (corr)"]
[EventRounds "6"]
[EventCountry "GER"]
[SourceTitle "Corr 2024"]
[Source "ChessBase"]
[SourceDate "2023.10.19"]
[SourceVersion "1"]
[SourceVersionDate "2023.10.19"]
[SourceQuality "1"]

1. e4 c5 2. c3 Nf6 3. e5 Nd5 4. Nf3 Nc6 5. Bc4 Nb6 6. Bb3 d5 7. exd6 Qxd6 8. 0-0 Be6 9. Na3 Bxb3 10. Qxb3 Qd3 11. Nb5 c4 12. Qd1 0-0-0 13. Nbd4 Nxd4 14. cxd4 f6 15. b3 Kb8 16. Bb2 e6 17. Ne1 Qe4 18. d3 cxd3 19. Nxd3 Bd6 20. Rc1 Nd5 21. Rc2 Qf5 22. Re1 h5 23. Qe2 h4 24. Qe4 h3 25. g3 Rhe8 26. Rc4 Qh5 27. Qe2 Qxe2 1/2-1/2

[Event "CP-2018-P-00007"]
[Site "LSS email"]
[Date "2018.09.27"]
[Round "?"]
[White "Boettcher, Fred"]
[Black "Roques, Pascal"]
[Result "1/2-1/2"]
[WhiteElo "2111"]
[BlackElo "2353"]
[PlyCount "98"]
[EventDate "2018.10.01"]
[EventType "tourn (corr)"]
[EventRounds "6"]
[EventCountry "GER"]
[SourceTitle "Corr 2022"]
[Source "ChessBase"]
[SourceDate "2021.10.24"]
[SourceVersion "1"]
[SourceVersionDate "2021.10.24"]
[SourceQuality "1"]

1. d4 Nc6 2. d5 Ne5 3. e4 e6 4. Nf3 Qf6 5. Nc3 Bb4 6. Bd2 Nxf3+ 7. Qxf3 Qxf3 8. gxf3 d6 9. a3 Ba5 10. 0-0-0 Bd7 11. f4 0-0-0 12. dxe6 fxe6 13. Rg1 g6 14. b4 Bb6 15. Be3 Re8 16. Rg5 Nh6 17. Be2 Rhf8 18. h4 e5 19. Bxb6 axb6 20. h5 Nf7 21. Rgg1 exf4 22. hxg6 hxg6 23. Rxg6 Ne5 24. Rg7 Rh8 25. Nd5 f3 26. Bb5 Bxb5 27. Nxc7 Bc6 28. Nxe8 Rxe8 29. Rxd6 Nc4 30. Rd4 Nxa3 31. Rd3 Nc4 32. Rxf3 Bxe4 33. Rff7 Kb8 34. Rc7 Bd5 35. Rce7 Rf8 36. Rd7 Bc6 37. Rdf7 Rh8 38. Rh7 Rc8 39. Rh4 Ne5 40. Rf5 Re8 41. Rf6 b5 42. Rfh6 Nf3 43. Rf4 Re1+ 44. Kb2 Ne5 45. Kc3 Nc4 46. Rf8+ Ka7 47. Rf7 Kb6 48. Rf3 Ka7 49. Rf7 Kb6 1/2-1/2

[Event "CP-2017-P-00006"]
[Site "LSS email"]
[Date "2017.09.27"]
[Round "?"]
[White "Oliveira, Marcio B"]
[Black "Boettcher, Fred"]
[Result "1-0"]
[WhiteElo "2291"]
[BlackElo "2196"]
[PlyCount "81"]
[EventDate "2017.10.01"]
[EventType "tourn (corr)"]
[EventRounds "6"]
[EventCountry "GER"]
[SourceTitle "Corr 2022"]
[Source "ChessBase"]
[SourceDate "2021.10.24"]
[SourceVersion "1"]
[SourceVersionDate "2021.10.24"]
[SourceQuality "1"]

1. Nf3 Nf6 2. g3 d5 3. Bg2 c6 4. 0-0 Bg4 5. d3 Nbd7 6. Nbd2 e5 7. e4 Bd6 8. h3 Bh5 9. exd5 cxd5 10. c4 d4 11. b4 Bxb4 12. g4 Bc3 13. Ba3 Bg6 14. Re1 Qa5 15. Bd6 Bxa1 16. Nxe5 0-0-0 17. Qf3 Qa6 18. Nxg6 hxg6 19. Rb1 Nb6 20. Bh2 Rhe8 21. g5 Nfd7 22. c5 Bc3 23. cxb6 Bxd2 24. bxa7 Re1+ 25. Rxe1 Bxe1 26. Qf4 Ba5 27. Qxd4 Ne5 28. Qxe5 Qxa7 29. Bf3 b5 30. Qxb5 f6 31. Bf4 Bc7 32. Be3 Qa5 33. Qb7+ Kd7 34. Bc6+ Ke6 35. Bb5 Kf7 36. Bf4 Rd7 37. Kg2 fxg5 38. Bg3 Re7 39. Bc4+ Kf8 40. Qc8+ Re8 41. Qxc7 1-0

[Event "CP-2016-P-00052"]
[Site "LSS email"]
[Date "2016.09.27"]
[Round "?"]
[White "Boettcher, Fred"]
[Black "Glowatzky, Tihomir"]
[Result "1-0"]
[WhiteElo "2195"]
[BlackElo "2020"]
[PlyCount "109"]
[EventDate "2016.10.01"]
[EventType "tourn (corr)"]
[EventRounds "6"]
[EventCountry "GER"]
[SourceTitle "Corr 2022"]
[Source "ChessBase"]
[SourceDate "2021.10.24"]
[SourceVersion "1"]
[SourceVersionDate "2021.10.24"]
[SourceQuality "1"]

1. e4 c5 2. Nf3 d6 3. d4 cxd4 4. Nxd4 Nf6 5. Nc3 a6 6. Bg5 Nbd7 7. f4 Qb6 8. Nb3 h6 9. Bxf6 Nxf6 10. Qf3 Bg4 11. Qd3 e5 12. f5 d5 13. Nxd5 Nxd5 14. exd5 Qf6 15. Qe3 Qxf5 16. Be2 Bd6 17. Rf1 Qd7 18. 0-0-0 Rc8 19. h3 Bxe2 20. Qxe2 0-0 21. g4 Rfe8 22. Qe4 Rc7 23. Kb1 Rec8 24. c3 Qb5 25. Rf3 Rc4 26. Qc2 R8c7 27. Qe2 Rb4 28. Qxb5 Rxb5 29. Kc2 Kf8 30. a3 Ke7 31. Rfd3 f6 32. Re1 Kd7 33. Nd2 Ra5 34. Re4 b5 35. Nb3 Ra4 36. Rxa4 bxa4 37. Nd2 Be7 38. h4 g6 39. Rf3 Rc8 40. Rf1 Kd6 41. c4 Kd7 42. h5 Rf8 43. Ne4 f5 44. Nc3 fxg4 45. Rxf8 Bxf8 46. hxg6 g3 47. Ne2 g2 48. c5 Ke8 49. c6 Bd6 50. Kd2 Kf8 51. Ke3 Kg7 52. Kf2 Kxg6 53. Ng3 Kf6 54. Ne4+ Ke7 55. Nxd6 1-0

[Event "CP-2016-P-00052"]
[Site "LSS email"]
[Date "2016.09.27"]
[Round "?"]
[White "Boettcher, Fred"]
[Black "Moskalenko, Eduard"]
[Result "0-1"]
[WhiteElo "2195"]
[BlackElo "2238"]
[PlyCount "170"]
[EventDate "2016.10.01"]
[EventType "tourn (corr)"]
[EventRounds "6"]
[EventCountry "GER"]
[SourceTitle "Corr 2022"]
[Source "ChessBase"]
[SourceDate "2021.10.24"]
[SourceVersion "1"]
[SourceVersionDate "2021.10.24"]
[SourceQuality "1"]

1. e4 c5 2. Nf3 d6 3. d4 cxd4 4. Nxd4 Nf6 5. Nc3 a6 6. Bg5 e6 7. f4 Be7 8. Qf3 Qc7 9. 0-0-0 h6 10. Bh4 Nbd7 11. Bd3 g5 12. fxg5 Ne5 13. Qe2 Nfg4 14. Nf3 hxg5 15. Bg3 Nxf3 16. Qxf3 Ne5 17. Qf2 b5 18. Rhf1 Qa7 19. Qd2 Bd7 20. Ne2 a5 21. Ng1 Nxd3+ 22. cxd3 f6 23. Kb1 e5 24. Nf3 b4 25. Rc1 Qa6 26. d4 Rc8 27. Rfd1 Rxc1+ 28. Rxc1 Qb5 29. b3 Kf7 30. Qe3 a4 31. bxa4 Qxa4 32. Qb3+ Qxb3+ 33. axb3 Bd8 34. Rc4 g4 35. Nh4 Bb5 36. Rxb4 Bd3+ 37. Kc1 Bxe4 38. dxe5 d5 39. Rb7+ Ke6 40. exf6 Bxf6 41. Rb6+ Ke7 42. Rb7+ Ke8 43. Rb8+ Kd7 44. Rxh8 Bxh8 45. Kd1 Bf6 46. h3 gxh3 47. gxh3 d4 48. Be1 Bg5 49. Ke2 d3+ 50. Kf1 Kc6 51. Ng2 Bd5 52. h4 d2 53. Bxd2 Bxd2 54. Ke2 Bb4 55. Ne3 Bxb3 56. Kf3 Bf7 57. Kg4 Bc3 58. Kf5 Kd6 59. Nc2 Bg8 60. Ne3 Bh7+ 61. Kf4 Bd2 62. Kf3 Bd3 63. Ng4 Kd5 64. Nf6+ Kd4 65. Ng4 Be4+ 66. Ke2 Bf4 67. Kf2 Bg6 68. Nf6 Kd3 69. Ng8 Be5 70. Ne7 Bh5 71. Nf5 Bf6 72. Kg2 Bg6 73. Ng3 Ke3 74. h5 Bf7 75. Nf1+ Kf4 76. h6 Bd5+ 77. Kf2 Bh4+ 78. Kg1 Kf3 79. Nh2+ Ke2 80. Ng4 Be4 81. Kh2 Bf5 82. Kh3 Be1 83. h7 Bxh7 84. Ne5 Bf5+ 85. Kg2 Be6 0-1

[Event "SA-2016-0-00536"]
[Site "LSS email"]
[Date "2016.09.08"]
[Round "?"]
[White "Bujdak, Pavel"]
[Black "Boettcher, Fred"]
[Result "1/2-1/2"]
[WhiteElo "2093"]
[BlackElo "2195"]
[PlyCount "77"]
[EventDate "2016.08.16"]
[EventType "tourn (corr)"]
[EventRounds "6"]
[EventCountry "GER"]
[SourceTitle "Corr 2022"]
[Source "ChessBase"]
[SourceDate "2021.10.24"]
[SourceVersion "1"]
[SourceVersionDate "2021.10.24"]
[SourceQuality "1"]

1. e4 e5 2. Nf3 Nf6 3. d4 Nxe4 4. Bd3 d5 5. dxe5 Nc5 6. Be2 Be7 7. 0-0 Nc6 8. Be3 0-0 9. Nc3 Be6 10. Bb5 a6 11. Bxc6 bxc6 12. Nd4 Bd7 13. Qd2 f6 14. exf6 Bxf6 15. Nb3 Ne6 16. Na4 Qe8 17. Nbc5 Qf7 18. Nxd7 Qxd7 19. Nc5 Nxc5 20. Bxc5 Rfb8 21. c3 Rb5 22. Bd4 Bxd4 23. cxd4 c5 24. dxc5 Rxc5 25. Rfc1 Rxc1+ 26. Rxc1 d4 27. Qd3 Re8 28. g3 Qd5 29. b4 Re6 30. a4 Re7 31. h4 h6 32. a5 Kh8 33. Kh2 Rf7 34. Rc2 Qd6 35. Kg2 Qxb4 36. Qxa6 Rf8 37. Qd3 Qxa5 38. Qxd4 Qa8+ 39. Kh2 1/2-1/2

[Event "SA-2016-0-00536"]
[Site "LSS email"]
[Date "2016.09.07"]
[Round "?"]
[White "Littke, Helmut"]
[Black "Boettcher, Fred"]
[Result "1/2-1/2"]
[WhiteElo "2414"]
[BlackElo "2195"]
[PlyCount "55"]
[EventDate "2016.08.16"]
[EventType "tourn (corr)"]
[EventRounds "6"]
[EventCountry "GER"]
[SourceTitle "Corr 2022"]
[Source "ChessBase"]
[SourceDate "2021.10.24"]
[SourceVersion "1"]
[SourceVersionDate "2021.10.24"]
[SourceQuality "1"]

1. d4 Nf6 2. c4 e6 3. Nf3 b6 4. g3 Ba6 5. b3 Bb4+ 6. Bd2 Be7 7. Bg2 c6 8. 0-0 d5 9. Bc3 Nbd7 10. Nbd2 0-0 11. Re1 c5 12. e4 dxc4 13. bxc4 cxd4 14. Nxd4 Ne5 15. Nxe6 fxe6 16. Bxe5 Bc5 17. Rf1 Qd3 18. Bf4 Bxc4 19. Nxc4 Qxc4 20. Bf3 Rac8 21. Rc1 Qxa2 22. Ra1 Qb2 23. Rxa7 Bd4 24. Bc1 Bxf2+ 25. Kg2 Qc2 26. Rxf2 Qxc1 27. Qd6 Rce8 28. Qxb6 1/2-1/2

[Event "SA-2016-0-00536"]
[Site "LSS email"]
[Date "2016.09.07"]
[Round "?"]
[White "Muniz Pardino, Alberto"]
[Black "Boettcher, Fred"]
[Result "1/2-1/2"]
[WhiteElo "2199"]
[BlackElo "2195"]
[PlyCount "153"]
[EventDate "2016.08.16"]
[EventType "tourn (corr)"]
[EventRounds "6"]
[EventCountry "GER"]
[SourceTitle "Corr 2022"]
[Source "ChessBase"]
[SourceDate "2021.10.24"]
[SourceVersion "1"]
[SourceVersionDate "2021.10.24"]
[SourceQuality "1"]

1. e4 e5 2. Nf3 Nf6 3. Nxe5 d6 4. Nf3 Nxe4 5. Nc3 Nxc3 6. dxc3 Be7 7. Be3 Nc6 8. Qd2 Be6 9. 0-0-0 Qd7 10. Kb1 a6 11. h4 h6 12. Nd4 Nxd4 13. Bxd4 0-0 14. f3 Rfe8 15. g4 Rad8 16. Bd3 c5 17. Be3 Bf8 18. Rhe1 d5 19. Rg1 b5 20. Qf2 Qe7 21. Rde1 c4 22. Be2 b4 23. cxb4 Qxb4 24. c3 Qb5 25. Bd4 Rb8 26. Bd1 a5 27. Ka1 Ba3 28. Re2 Re7 29. Rg2 Bd7 30. Rxe7 Bxe7 31. f4 a4 32. h5 f6 33. Qc2 Be8 34. g5 fxg5 35. fxg5 Bxg5 36. Qf5 Rb7 37. Rf2 Rf7 38. Qe6 Bh4 39. Rf1 Bf6 40. Bxf6 Bd7 41. Qe1 a3 42. bxa3 Rxf6 43. Rxf6 gxf6 44. Qg3+ Kf7 45. Qg6+ Ke7 46. Qg7+ Ke8 47. Qxf6 Qc6 48. Qf4 Ke7 49. a4 Qb6 50. Qe5+ Qe6 51. Qd4 Qf6 52. Qd2 Bf5 53. a5 Be4 54. Ba4 Qa6 55. Qd4 Qxa5 56. Qg7+ Ke6 57. Be8 Kf5 58. Bd7+ Kf4 59. Qxh6+ Kf3 60. Qf6+ Ke2 61. Qd4 Bf3 62. Qe5+ Kd1 63. h6 Qa3 64. Qb8 Qxc3+ 65. Qb2 Qxb2+ 66. Kxb2 Kd2 67. h7 c3+ 68. Kb3 c2 69. h8Q c1Q 70. Qd4+ Ke1 71. Qg1+ Kd2 72. Qf2+ Be2 73. Qd4+ Ke1 74. Qg1+ Kd2 75. Qg5+ Kd1 76. Qxd5+ Ke1 77. Qh1+ 1/2-1/2

[Event "SA-2016-0-00536"]
[Site "LSS email"]
[Date "2016.09.04"]
[Round "?"]
[White "Boettcher, Fred"]
[Black "Onem, Cem"]
[Result "1-0"]
[WhiteElo "2195"]
[BlackElo "1842"]
[PlyCount "41"]
[EventDate "2016.08.16"]
[EventType "tourn (corr)"]
[EventRounds "6"]
[EventCountry "GER"]
[SourceTitle "Corr 2022"]
[Source "ChessBase"]
[SourceDate "2021.10.24"]
[SourceVersion "1"]
[SourceVersionDate "2021.10.24"]
[SourceQuality "1"]

1. e4 e5 2. Nf3 Nc6 3. Bb5 Nf6 4. d3 Bc5 5. c3 d6 6. 0-0 Bd7 7. Nbd2 a6 8. Bxc6 Bxc6 9. Nc4 0-0 10. Na5 Bb6 11. Nxc6 bxc6 12. Bg5 h6 13. Bh4 g5 14. Bg3 Qd7 15. Re1 Rae8 16. Rc1 a5 17. a3 Re7 18. h3 Kg7 19. Nd2 Kg6 20. Nc4 Rfe8 21. Qb3 1-0

[Event "SA-2016-0-00505"]
[Site "LSS email"]
[Date "2016.02.01"]
[Round "?"]
[White "Boettcher, Fred"]
[Black "Sorcinelli, Andrea"]
[Result "1/2-1/2"]
[WhiteElo "2208"]
[BlackElo "2258"]
[PlyCount "55"]
[EventDate "2015.12.25"]
[EventType "tourn (corr)"]
[EventRounds "6"]
[EventCountry "GER"]
[SourceTitle "Corr 2022"]
[Source "ChessBase"]
[SourceDate "2021.10.24"]
[SourceVersion "1"]
[SourceVersionDate "2021.10.24"]
[SourceQuality "1"]

1. e4 e5 2. Nf3 Nc6 3. Bb5 a6 4. Ba4 Nf6 5. 0-0 Be7 6. Re1 b5 7. Bb3 d6 8. c3 0-0 9. h3 Nb8 10. d4 Nbd7 11. Nbd2 Bb7 12. Bc2 Re8 13. Nf1 Bf8 14. Bg5 h6 15. Bh4 Qc8 16. dxe5 dxe5 17. N3d2 a5 18. Ne3 a4 19. Qe2 c6 20. Red1 Qc7 21. a3 Ba6 22. Qf3 Nh7 23. c4 Nc5 24. cxb5 Bxb5 25. Ndc4 f6 26. Rd2 Red8 27. Rad1 Ng5 28. Bxg5 1/2-1/2

[Event "CP-2015-P-00004"]
[Site "LSS email"]
[Date "2015.09.28"]
[Round "?"]
[White "Boettcher, Fred"]
[Black "Bobykin, Kirill Mikhailovich"]
[Result "0-1"]
[WhiteElo "2214"]
[BlackElo "2517"]
[PlyCount "108"]
[EventDate "2015.10.01"]
[EventType "tourn (corr)"]
[EventRounds "6"]
[EventCountry "GER"]
[SourceTitle "Corr 2022"]
[Source "ChessBase"]
[SourceDate "2021.10.24"]
[SourceVersion "1"]
[SourceVersionDate "2021.10.24"]
[SourceQuality "1"]

1. d4 Nf6 2. c4 e6 3. g3 d5 4. Nf3 Be7 5. Bg2 0-0 6. 0-0 dxc4 7. Qc2 a6 8. a4 Bd7 9. Qxc4 Bc6 10. Bg5 Nbd7 11. Nc3 h6 12. Bxf6 Nxf6 13. a5 Qd6 14. e3 Rfd8 15. Qe2 Bf8 16. Rfd1 Qe7 17. Ra3 Rab8 18. Rb3 Bd5 19. Nxd5 exd5 20. Ne5 c6 21. Qc2 Qc7 22. Ra1 h5 23. Qf5 Bd6 24. f4 Qe7 25. Rf1 Bc7 26. Ra3 Re8 27. Ra4 g6 28. Qd3 Kg7 29. h3 Ng8 30. Kh2 Nh6 31. h4 Qd8 32. Bh3 Re7 33. Raa1 Qe8 34. Qd2 f6 35. Nd3 Nf7 36. b3 Nd6 37. Rfe1 Ne4 38. Qc2 Qf7 39. Bg2 Nd6 40. Qd2 Rbe8 41. Re2 Kh8 42. Rg1 Qg7 43. Rge1 Qh7 44. Bh1 Rg8 45. b4 g5 46. hxg5 h4 47. g4 Rxg5 48. Nf2 Nc4 49. Qc1 f5 50. Kg1 Rgg7 51. g5 h3 52. Nd3 Qh4 53. Kf1 h2 54. Rg2 Re4 0-1

[Event "CP-2015-P-00004"]
[Site "LSS email"]
[Date "2015.09.28"]
[Round "?"]
[White "Colibaba, Alexandr"]
[Black "Boettcher, Fred"]
[Result "1-0"]
[WhiteElo "2210"]
[BlackElo "2214"]
[PlyCount "99"]
[EventDate "2015.10.01"]
[EventType "tourn (corr)"]
[EventRounds "6"]
[EventCountry "GER"]
[SourceTitle "Corr 2022"]
[Source "ChessBase"]
[SourceDate "2021.10.24"]
[SourceVersion "1"]
[SourceVersionDate "2021.10.24"]
[SourceQuality "1"]

1. b3 c5 2. e4 d6 3. Bb2 Nf6 4. Bb5+ Nc6 5. Bxc6+ bxc6 6. d3 e5 7. Ne2 g6 8. 0-0 Bh6 9. f4 0-0 10. h3 Bg7 11. fxe5 Nd7 12. Nd2 Nxe5 13. Nc4 f6 14. Qd2 Be6 15. Nxe5 fxe5 16. Rxf8+ Qxf8 17. Rf1 Bf6 18. Bc1 Qg7 19. Kh2 Rf8 20. Ng1 Rf7 21. Nf3 Bd8 22. Re1 Rf8 23. Rd1 Bc8 24. Qh6 Rf7 25. a3 Bd7 26. Bg5 Ba5 27. Rb1 Bc3 28. Qh4 Qf8 29. b4 cxb4 30. axb4 Be6 31. Bh6 Qe7 32. Qg3 Qf6 33. Ng5 Ba2 34. Nxf7 Bxb1 35. d4 Ba2 36. Bg5 Qxf7 37. Qxc3 Qe8 38. Qa1 Bf7 39. d5 cxd5 40. Qxa7 dxe4 41. c4 h5 42. b5 Bxc4 43. b6 Bd5 44. b7 Bxb7 45. Qxb7 Qe6 46. Qxe4 Kg7 47. Qa8 Qd7 48. Qd5 Qf5 49. h4 Qd7 50. Kh1 1-0

[Event "BI-2015-P-0000"]
[Site "LSS email"]
[Date "2015.04.16"]
[Round "?"]
[White "Boettcher, Fred"]
[Black "Billio, Maria"]
[Result "1/2-1/2"]
[WhiteElo "2235"]
[BlackElo "1868"]
[PlyCount "75"]
[EventDate "2015.04.22"]
[EventType "tourn (corr)"]
[EventRounds "10"]
[EventCountry "GER"]
[SourceTitle "Corr 2022"]
[Source "ChessBase"]
[SourceDate "2021.10.24"]
[SourceVersion "1"]
[SourceVersionDate "2021.10.24"]
[SourceQuality "1"]

1. e4 c6 2. d4 d5 3. Nc3 dxe4 4. Nxe4 Nd7 5. Nf3 Ngf6 6. Ng3 c5 7. Be2 e6 8. 0-0 cxd4 9. Qxd4 Be7 10. Bf4 0-0 11. Rad1 Qb6 12. c4 Qxd4 13. Nxd4 a6 14. Bf3 Re8 15. Nde2 Ra7 16. Nc3 b6 17. Bc6 Rd8 18. Rfe1 Bb7 19. Bxd7 Rxd7 20. Be3 Bc6 21. Bxb6 Rab7 22. Rxd7 Nxd7 23. Bd4 a5 24. Nce2 Nc5 25. Rd1 Rd7 26. Nf1 e5 27. Bxc5 Bxc5 28. Rxd7 Bxd7 29. Nd2 Bb4 30. Ne4 f5 31. N4c3 Kf7 32. Kf1 Ke6 33. Nb5 g5 34. Nc7+ Kd6 35. Nd5 Be6 36. Nxb4 axb4 37. b3 Kc5 38. Ng1 1/2-1/2

[Event "BI-2015-P-0000"]
[Site "LSS email"]
[Date "2015.04.16"]
[Round "?"]
[White "Boettcher, Fred"]
[Black "Colibaba, Alexandr"]
[Result "1/2-1/2"]
[WhiteElo "2235"]
[BlackElo "2171"]
[PlyCount "62"]
[EventDate "2015.04.22"]
[EventType "tourn (corr)"]
[EventRounds "10"]
[EventCountry "GER"]
[SourceTitle "Corr 2022"]
[Source "ChessBase"]
[SourceDate "2021.10.24"]
[SourceVersion "1"]
[SourceVersionDate "2021.10.24"]
[SourceQuality "1"]

1. e4 c5 2. Nf3 Nc6 3. d4 cxd4 4. Nxd4 g6 5. c4 Nf6 6. Nc3 Nxd4 7. Qxd4 d6 8. c5 Bg7 9. Bb5+ Bd7 10. Bxd7+ Qxd7 11. cxd6 0-0 12. 0-0 Ne8 13. Qd5 e6 14. Qd3 Qxd6 15. Rd1 Rd8 16. Qc2 Qc7 17. Rxd8 Qxd8 18. Bf4 Nf6 19. h3 Qa5 20. Qb3 b5 21. a3 Rd8 22. Rd1 a6 23. e5 Rxd1+ 24. Qxd1 Nh5 25. Bh2 b4 26. axb4 Qxb4 27. Qd2 Bf8 28. g4 Ng7 29. Qe2 Ne8 30. Qxa6 Qxb2 31. Qc6 Qc2 1/2-1/2

[Event "BI-2015-P-0000"]
[Site "LSS email"]
[Date "2015.04.16"]
[Round "?"]
[White "Boettcher, Fred"]
[Black "Roques, Pascal"]
[Result "0-1"]
[WhiteElo "2235"]
[BlackElo "2365"]
[PlyCount "110"]
[EventDate "2015.04.22"]
[EventType "tourn (corr)"]
[EventRounds "10"]
[EventCountry "GER"]
[SourceTitle "Corr 2022"]
[Source "ChessBase"]
[SourceDate "2021.10.24"]
[SourceVersion "1"]
[SourceVersionDate "2021.10.24"]
[SourceQuality "1"]

1. e4 c5 2. Nf3 d6 3. d4 cxd4 4. Nxd4 Nf6 5. Nc3 a6 6. Bg5 Nbd7 7. Bc4 Qb6 8. Bb3 e6 9. Qd2 Be7 10. 0-0-0 Nc5 11. f3 Qc7 12. Kb1 b5 13. g4 Bd7 14. a3 Rb8 15. Qe2 b4 16. axb4 Rxb4 17. Be3 0-0 18. g5 Ne8 19. Ba2 a5 20. Nf5 Bd8 21. Qd2 exf5 22. Nd5 Qa7 23. Nxb4 axb4 24. Qxb4 Be7 25. e5 d5 26. Rxd5 Be6 27. c4 Na6 28. Bxa7 Nxb4 29. Ra5 Nc7 30. Bc5 Bxc5 31. Rxc5 f4 32. Rxc7 Bf5+ 33. Kc1 Nxa2+ 34. Kd2 Rd8+ 35. Ke2 Rb8 36. Rd1 h6 37. Rd2 Nc1+ 38. Kd1 Nb3 39. Rd5 hxg5 40. Ke1 Na1 41. Rb5 Nc2+ 42. Kd2 Rd8+ 43. Rd5 Re8 44. e6 fxe6 45. Rdd7 Kh7 46. Rxg7+ Kh6 47. Rgd7 Rb8 48. c5 Rb3 49. Rc8 Rxf3 50. Rh8+ Kg6 51. Rg8+ Kh5 52. c6 Rf2+ 53. Kc3 Ne3 54. Kb3 Rc2 55. c7 e5 0-1

[Event "BI-2015-P-0000"]
[Site "LSS email"]
[Date "2015.04.16"]
[Round "?"]
[White "Boettcher, Fred"]
[Black "Svrsek Jr, Radomir"]
[Result "1-0"]
[WhiteElo "2235"]
[BlackElo "2016"]
[PlyCount "55"]
[EventDate "2015.04.22"]
[EventType "tourn (corr)"]
[EventRounds "10"]
[EventCountry "GER"]
[SourceTitle "Corr 2022"]
[Source "ChessBase"]
[SourceDate "2021.10.24"]
[SourceVersion "1"]
[SourceVersionDate "2021.10.24"]
[SourceQuality "1"]

1. e4 e5 2. Nf3 Nc6 3. Bb5 a6 4. Ba4 b5 5. Bb3 Nf6 6. 0-0 d6 7. c3 Be7 8. Re1 0-0 9. h3 h6 10. d4 exd4 11. cxd4 Na5 12. Bc2 Bb7 13. Nbd2 Nc6 14. a3 Re8 15. Nb3 Qd7 16. Bf4 Nh5 17. Bh2 Nf6 18. d5 Na7 19. Na5 Rab8 20. Bb3 Bd8 21. e5 dxe5 22. Nxe5 Qf5 23. d6 cxd6 24. Bxf7+ Kh8 25. Nxb7 Rxb7 26. Bxe8 Nxe8 27. Qd5 Re7 28. Nf7+ 1-0

[Event "WC-2014-S-00003"]
[Site "LSS email"]
[Date "2014.10.12"]
[Round "?"]
[White "Belanoff, Stuart B"]
[Black "Boettcher, Fred"]
[Result "1-0"]
[WhiteElo "2304"]
[BlackElo "2253"]
[PlyCount "61"]
[EventDate "2014.10.15"]
[EventType "tourn (corr)"]
[EventRounds "12"]
[EventCountry "GER"]
[SourceTitle "Corr 2024"]
[Source "ChessBase"]
[SourceDate "2023.10.19"]
[SourceVersion "1"]
[SourceVersionDate "2023.10.19"]
[SourceQuality "1"]

1. Nf3 Nf6 2. c4 e6 3. g3 d5 4. d4 dxc4 5. Bg2 a6 6. Ne5 Bb4+ 7. Nc3 c5 8. Nxc4 Nc6 9. dxc5 Qxd1+ 10. Kxd1 Bxc5 11. Na4 Ba7 12. Nab6 Bxb6 13. Nxb6 Rb8 14. b3 0-0 15. Ba3 Rd8+ 16. Kc1 e5 17. Rd1 Rxd1+ 18. Kxd1 Bf5 19. Rc1 Be4 20. Bh3 Nd5 21. Nd7 Rd8 22. Ke1 Ndb4 23. Bxb4 Nxb4 24. f3 Bc6 25. a3 Bxd7 26. Bxd7 Nc6 27. Bxc6 Rc8 28. Rc5 Kf8 29. b4 Rxc6 30. Rxc6 bxc6 31. Kd2 1-0

[Event "WC-2014-S-00003"]
[Site "LSS email"]
[Date "2014.10.12"]
[Round "?"]
[White "Boettcher, Fred"]
[Black "Dziedzina, Michael"]
[Result "1/2-1/2"]
[WhiteElo "2253"]
[BlackElo "2310"]
[PlyCount "90"]
[EventDate "2014.10.15"]
[EventType "tourn (corr)"]
[EventRounds "12"]
[EventCountry "GER"]
[SourceTitle "Corr 2024"]
[Source "ChessBase"]
[SourceDate "2023.10.19"]
[SourceVersion "1"]
[SourceVersionDate "2023.10.19"]
[SourceQuality "1"]

1. e4 c6 2. d4 d5 3. Nc3 dxe4 4. Nxe4 Bf5 5. Ng3 Bg6 6. h4 h6 7. Nf3 Nd7 8. h5 Bh7 9. Bd3 Bxd3 10. Qxd3 e6 11. Bf4 Qa5+ 12. Bd2 Bb4 13. Ne4 Ngf6 14. Nd6+ Ke7 15. Nc4 Bxd2+ 16. Nfxd2 Qc7 17. Ne4 Rhd8 18. Qa3+ c5 19. Nxc5 Nxc5 20. dxc5 Kf8 21. Rh4 Qc6 22. Ne3 Nd5 23. Nc4 Nf6 24. Kf1 Rd5 25. b4 b6 26. Qf3 Qb5 27. c3 bxc5 28. a4 Qe8 29. Ne3 Rd7 30. b5 Rd3 31. Rc4 Rc8 32. Rd1 Qd7 33. g4 Rxd1+ 34. Qxd1 Qc7 35. Qf3 Nh7 36. Nc2 Qd8 37. Ne1 Ng5 38. Qd3 Qd5 39. Rf4 Qh1+ 40. Ke2 Ke7 41. Qe3 f6 42. Rc4 Qd5 43. Qd3 Nf7 44. Re4 Qb3 45. Qd1 Qxc3 1/2-1/2

[Event "WC-2014-S-00003"]
[Site "LSS email"]
[Date "2014.10.12"]
[Round "?"]
[White "Zielinski, Sergej"]
[Black "Boettcher, Fred"]
[Result "1/2-1/2"]
[WhiteElo "2297"]
[BlackElo "2253"]
[PlyCount "56"]
[EventDate "2014.10.15"]
[EventType "tourn (corr)"]
[EventRounds "12"]
[EventCountry "GER"]
[SourceTitle "Corr 2024"]
[Source "ChessBase"]
[SourceDate "2023.10.19"]
[SourceVersion "1"]
[SourceVersionDate "2023.10.19"]
[SourceQuality "1"]

1. c4 Nf6 2. d4 e6 3. Nc3 d5 4. Nf3 Be7 5. Bg5 h6 6. Bxf6 Bxf6 7. e3 0-0 8. Rc1 c6 9. Bd3 Nd7 10. 0-0 dxc4 11. Bxc4 e5 12. h3 exd4 13. exd4 Nb6 14. Bb3 Bf5 15. Re1 Re8 16. Rxe8+ Qxe8 17. Qd2 Qd7 18. Re1 Rd8 19. Qf4 Bg6 20. Ne4 Bxe4 21. Qxe4 Nd5 22. Ne5 Qe7 23. g3 g6 24. a3 h5 25. h4 Kg7 26. Kg2 Qe6 27. Qf3 Qd6 28. Re2 Qc7 1/2-1/2